000 00989nam a2200265Ia 4500
003 OSt
005 20221005111252.0
006 a|||||r|||| 00| 0
007 ta
008 221004b |||||||| |||| 00| 0 hin d
020 _a9789350721667 (hbk)
_c395
024 _a23297
037 _b218, 24/11/2015, Eastern Book Linkers
_cTextual
040 _aCRL
_cCRL
_bhin
041 _2hin
_ahin
082 _aO152,6M93x, Q2
100 _aअनिल राय, संपा.
245 0 _aनिबन्धों की दुनिया शिवपूजन सहाय
246 _aNibandhoan kī duniyā shivapūjan sahāya
260 _aनई दिल्ली
_bवाणी प्रकाशन भारत
_c2012
300 _a221पृ0
_ccm.
650 _aहिन्दी साहित्य
942 _hO152,6M93x, Q2
_cTEXL
_2cc
999 _c1021319
_d1021319